No hay tiempo para el amor / (Record no. 133314)

MARC details
000 -LEADER
campo de control de longitud fija 01056nam a2200277 4500
001 - NÚMERO DE CONTROL
campo de control 133314
003 - IDENTIFICADOR DE NÚMERO DE CONTROL
campo de control ES-MaACL
005 - FECHA Y HORA DE LA ÚLTIMA TRANSACCIÓN
campo de control 20250403175621.0
007 - CAMPO FIJO DE DESCRIPCIÓN FÍSICA--INFORMACIÓN GENERAL
campo de control de longitud fija t|
008 - DATOS DE LONGITUD FIJA--INFORMACIÓN GENERAL
campo de control de longitud fija 070214s1951 sp r ||||1| spa d
100 0# - ENTRADA PRINCIPAL--NOMBRE DE PERSONA
Nombre de persona Roth, Joseph,
Fechas asociadas al nombre 1894-1939
9 (RLIN) 99952
245 10 - MENCIÓN DEL TÍTULO
Título No hay tiempo para el amor /
Mención de responsabilidad, etc. Joseph Roth ; traducción de Mercedes Soler.
250 ## - MENCION DE EDICION
Mención de edición 1ª. ed.
260 ## - PUBLICACIÓN, DISTRIBUCIÓN, ETC.
Lugar de publicación, distribución, etc. Barcelona :
Nombre del editor, distribuidor, etc. L.A.R.A.,
Fecha de publicación, distribución, etc. 1951.
300 ## - DESCRIPCIÓN FÍSICA
Extensión 208 p. ;
Dimensiones 22 cm.
490 1# - MENCIÓN DE SERIE
Mención de serie Col. amanecer
510 ## - NOTA DE CITAS O REFERENCIAS BIBLIOGRÁFICAS
Nombre de la fuente CCPB,
Localización dentro de la fuente 000998742-8
650 #7 - PUNTO DE ACCESO ADICIONAL DE MATERIA--TÉRMINO DE MATERIA
Fuente del encabezamiento o término embne
9 (RLIN) 233904
Término de materia o nombre geográfico como elemento de entrada Novelas
700 1# - ENTRADA AGREGADA--NOMBRE PERSONAL
Nombre de persona Soler, Mercedes.
9 (RLIN) 107157
830 0# - PUNTO DE ACCESO ADICIONAL DE SERIE-TÍTULO UNIFORME
Título uniforme Col. amanecer
9 (RLIN) 186989
852 ## - LOCALIZACIÓN
Ubicación ES-MaACL
Número de control de estantería D-6475
Sublocalización o colección R.32051
-- R.M. 6068
itemnumber 138162
Ubicación en estantería Sala Valle Inclán
Marcas de propiedad Sello en tinta azul de la Biblioteca del Ateneo de Madrid
Anotaciones manuscritas Anotación manuscrita en hoja de guarda: "Novela autobiográfica"
Encuadernación Encuadernación en tela azul
942 ## - ELEMENTOS DE ENTRADA SECUNDARIOS (KOHA)
Fuente del sistema de clasificación o colocación Clasificación decimal universal
Tipo de ítem Koha Libro impreso
Holdings
Estatus retirado Estado de pérdida Estado de daño No para préstamo Biblioteca de origen Biblioteca actual Ubicación en estantería Fecha de adquisición Fuente de adquisición Total de préstamos Signatura topográfica completa Código de barras Visto por última vez Precio de reemplazo Tipo de ítem Koha
        Biblioteca del Ateneo de Madrid Biblioteca del Ateneo de Madrid Sala Valle Inclán 17/01/2008     D-6475 901138785 23/02/2023 23/02/2023 Libro impreso